Spécialités Bac 2021 - Statistiques

Statistiques générales
  • Ce quiz a été pris 175 fois
  • Le résultat moyen est 8 sur 18
Statistiques - réponses
Réponse % Correct
Sciences de l’ingénieur
97%
Mathématiques
96%
Sciences de la vie et de la Terre
83%
Sciences économiques et sociales
77%
Physique-chimie
73%
Histoire-géographie, géopolitique et sciences politiques
67%
Humanités, littérature et philosophie
64%
Langues, littératures et cultures étrangères
64%
Numérique et sciences informatiques
49%
Théâtre
34%
Arts plastiques
29%
Musique
23%
Danse
19%
Littérature, langues et cultures de l’Antiquité
17%
Biologie, écologie
10%
Cinéma-audiovisuel
9%
Histoire des arts
7%
Arts du cirque
6%
Aucun quiz correspondant
Distribution des résultats
% des personnes avec chaque résultat
Percentile par nombre de réponses
Votre historique - résultats
Vous n’avez pas pris ce quiz